000 00358nam a2200157Ia 4500
003 Ost
005 20260225132546.0
008 260225s9999||||xx |||||||||||||| ||und||
040 _cfsic
041 _afre
082 _a440
100 _aMahfoud Baddache
_eAuteur
245 0 _aL'Algérie dans l'histoire /
245 0 _cMahfoud Baddache
942 _cكتاب
999 _c33854
_d33854